Diccionari d'astronomia (Registre núm. 68368)
[ vista simple ]
| 000 -LEADER | |
|---|---|
| campo de control de longitud fija | 00820amm a2200289 4500 |
| 008 - DATOS DE LONGITUD FIJA--INFORMACIÓN GENERAL | |
| campo de control de longitud fija | 200111s2020 cat d |
| 041 ## - CÓDIGO DE IDIOMA | |
| Código de lengua del texto/banda sonora o título independiente | cat |
| 041 ## - CÓDIGO DE IDIOMA | |
| Llengües tractades | spa |
| 041 ## - CÓDIGO DE IDIOMA | |
| Llengües tractades | eng |
| 080 ## - NÚMERO DE LA CLASIFICACIÓN DECIMAL UNIVERSAL | |
| Número de la Clasificación Decimal Universal | 52(038) |
| 100 ## - ENTRADA PRINCIPAL--NOMBRE DE PERSONA | |
| Nombre de persona | Solanes, Josep M. |
| 9 (RLIN) | 75258 |
| 245 ## - MENCIÓN DEL TÍTULO | |
| Título | Diccionari d'astronomia |
| Medio | [en línia] |
| Mención de responsabilidad, etc. | Josep M. Solanes |
| 250 ## - MENCION DE EDICION | |
| Mención de edición | 2a ed. |
| 260 ## - PUBLICACIÓN, DISTRIBUCIÓN, ETC. | |
| Lugar de publicación, distribución, etc. | Barcelona |
| Nombre del editor, distribuidor, etc. | Universitat de Barcelona. Serveis Lingüístics |
| Fecha de publicación, distribución, etc. | 2020 |
| 500 ## - NOTA GENERAL | |
| Nota general | Categoria gramatical, remissions, sinònims, notes |
| 520 ## - RESUMEN, ETC. | |
| Nombre de termes | 867 |
| 546 ## - NOTA DE IDIOMA | |
| Llengua de les definicions | català |
| 591 ## - Codi de font | |
| Codi de font | DASTRO-E |
| 592 ## - Tipus obra | |
| Tipus d'obra | Obra terminològica |
| 593 ## - Codi CGAT | |
| Codi de la CGAT | CA |
| 650 #0 - PUNTO DE ACCESO ADICIONAL DE MATERIA--TÉRMINO DE MATERIA | |
| Término de materia o nombre geográfico como elemento de entrada | astronomia |
| 9 (RLIN) | 63152 |
| 856 ## - LOCALIZACIÓN Y ACCESO ELECTRÓNICOS | |
| Identificador Uniforme de Recursos | <a href="https://www.ub.edu/ubterm/obra/astronomia/">https://www.ub.edu/ubterm/obra/astronomia/</a> |
| 901 ## - ELEMENTOS DE DATOS A LOCAL LDA (RLIN) | |
| c | <2020> |
| 902 ## - ELEMENTOS DE DATOS B LOCAL, LDB (RLIN) | |
| a | 200111 |
| 942 ## - ELEMENTOS DE ENTRADA SECUNDARIOS (KOHA) | |
| Tipo de ítem Koha | Monografia |
| Fuente del sistema de clasificación o colocación | Clasificación Decimal Dewey |
| Suprimir en OPAC | No |
| Estatus retirado | Estado de pérdida | Fuente del sistema de clasificación o colocación | Estado de daño | No para préstamo | Biblioteca de origen | Biblioteca actual | Fecha de adquisición | Total de préstamos | Código de barras | Visto por última vez | Identificador Uniforme de Recursos | Precio de reemplazo | Tipo de ítem Koha |
|---|---|---|---|---|---|---|---|---|---|---|---|---|---|
| ddc | TERMCAT | TERMCAT | 27/11/2020 | P_68418 | 30/11/2022 | https://www.ub.edu/ubterm/obra/astronomia/ | 30/11/2022 | MO |